00205 a2200109 4500001000700000020000600007040001100013100002900024240001900053245001400072362000900086179885 a  cMagnum aSanson, Berenice Ribeiro10aO vaidosolpor10aO vaidoso0 a1899